| Tag |
First Indicator |
Second Indicator |
Subfields |
| LEADER |
00000cam a2200000 a 4500 |
| 001 |
in00000498713 |
| 005 |
20151013070318.0 |
| 008 |
760830r19751833kyu b 00010 eng |
| 035 |
|
|
|a (OCoLC)02404857
|
| 035 |
|
|
|9 ACE0305AM
|
| 040 |
|
|
|a DLC
|c RRR
|d RRR
|d TXA
|d UtOrBLW
|
| 049 |
|
|
|a TXAI
|
| 082 |
0 |
|
|a 813
|
| 090 |
|
|
|a PZ3
|b .G8303Y
|
| 099 |
|
|
|a fiche
|a C
|a 7003
|
| 100 |
1 |
|
|a Greene, Asa,
|d 1789-1838.
|
| 245 |
1 |
2 |
|a A Yankee among the nullifiers :
|b an autobiography /
|c by Elnathan Elmwood.
|
| 264 |
|
1 |
|a New York :
|b W. Stodart,
|c 1833.
|
| 300 |
|
|
|a 152 pages ;
|c 19 cm.
|
| 336 |
|
|
|a text
|b txt
|2 rdacontent
|
| 337 |
|
|
|a microform
|b h
|2 rdamedia
|
| 338 |
|
|
|a microfiche
|b he
|2 rdacarrier
|
| 500 |
|
|
|a "Sabin : 28586."
|
| 500 |
|
|
|a "Copied from the original located in The State Historical Society of Wisconsin Library."
|
| 533 |
|
|
|a Microfiche. Louisville, Ky. :
|b Lost Cause Press,
|d 1975.
|c 3 microfiches : negative ; 11 x 15 cm.
|f ([Bibliotheca Americana. Selected Americana. Microfiche ed. / J. Sabin]) (Fiche book)
|
| 500 |
|
|
|a Microform.
|
| 999 |
|
|
|a MARS
|
| 999 |
f |
f |
|s fc5a9b9e-818c-3602-8c53-4bda339169ab
|i e61668c7-bb9a-3fe1-86f0-9a56b54783f3
|t 0
|
| 952 |
f |
f |
|p normal
|a Texas A&M University
|b College Station
|c Sterling C. Evans Library
|d Evans: Microforms (3rd floor)
|t 0
|e fiche C 7003
|h Other scheme
|i microform -- microfiche
|m A14823026103
|
| 998 |
f |
f |
|a fiche C 7003
|t 0
|l Evans: Microforms (3rd floor)
|